000 00954nam a2200301 i 4500
001 bg
100 1 _aJurlewicz, Teresa
245 1 0 _aAlgebra liniowa 1 :
_bprzykłady i zadania /
_cTeresa Jurlewicz, Zbigniew Skoczylas.
250 _aWyd. 10 powiększ.
260 _aWrocław :
_b"GiS",
_c2004.
300 _a202 s. :
_brys., wykr. ;
_c24 cm.
490 1 _aMatematyka dla Studentów Politechnik
504 _aBibliogr. s. 202.
650 4 _aAlgebra liniowa
650 4 _aĆwiczenia i zadania dla szkół wyższych
700 1 _aSkoczylas, Zbigniew.
830 _aMatematyka dla Studentów Politechnik
015 _aPB 6021/2005
020 _a8389020270
040 _cBPK
041 0 _apol
080 _a512.64
080 _a(075.8+076)
920 _a83-89020-27-0
942 _cKS
008 s pl f |000 0 pol
999 _c53464
_d53464
856 _uhttp://koha.tu.koszalin.pl/cgi-bin/koha/opac-detail.pl?biblionumber=53464
_yKatalog online BPK